| 000 | 00991cam a22002651 4500 | ||
|---|---|---|---|
| 001 | 2651499 | ||
| 005 | 19830305000000.0 | ||
| 008 | 710506r19671965enk b 000 0 eng | ||
| 040 |
_aDLC _cDLC _dDLC |
||
| 082 | 0 | 0 |
_a327.42 _222 _bGEO |
| 100 | 1 |
_aGeorge, Margaret. _930870 |
|
| 240 | 1 | 0 | _aWarped vision |
| 245 | 1 | 4 |
_aThe Hollow Men: _ban Examination of British Foreign Policy Between the Years 1933 and 1939; _cwith a foreword by A. L. Rowse. |
| 260 |
_aLondon, _bFrewin, _c1967. |
||
| 300 |
_a256 p. _c22 cm. |
||
| 350 | _a30/- | ||
| 500 | _aOriginally published as "The warped vision." 1965. | ||
| 504 | _aBibliography: p. 243-248. | ||
| 541 | _aDonation | ||
| 651 | 0 |
_aGreat Britain _xForeign relations _y1901-1936. _930871 |
|
| 651 | 0 |
_aGreat Britain _xForeign relations _y1936-1945. _930872 |
|
| 653 |
_bPol _cAugust2012 |
||
| 942 |
_2ddc _cBB |
||
| 999 |
_c16957 _d16957 |
||